01363nam a2200193Ia 4500001001300000003001000013005001700023008004100040040002500081041000700106100003700113245009200150260003000242300001200272500006600284520078900350650001901139654001101158b6965-50467 IT-MiCISF20250716140306.0161014s9999||||xx |||||||||||||| ||und|| aIT-MiCISFcIT-MiCISF ait aMontano Antonella, Andriola Elda 0aParlare di omosessualità a scuola.bRiflessioni e attività per la scuola secondaria a Trento,bErickson,c2011 app. 130 a / omosessualità, adolescenza, scuola, società, famiglia  aCosa vuol dire per un giovane gay o una giovane lesbica subire quotidianamente atti di violenza verbale o fisica da parte di eterosessuali? Comcc'è la loro vita? Come ci si sente a essere esclusi e vittimizzati? Ci sono ragazzi che sopportano il peso di crescere sentendosi etichettati come «diversi». La scuola rappresenta il contesto ideale per avvicinare questi giovani in difficoltà, fornendo loro sostegno e rassicurazione e garantendo un ambiente libero da pregiudizi. Questo libro vuole essere una guida e un'occasione di riflessione per imparare a conoscere l'omosessualità, per affacciarsi con sguardo consapevole al panorama di omofobia e di pregiudizio che la circonda e per comprendere le aspirazioni, le difficoltà, i desideri di ragazzi e ragazze omosessuali.  a Sessualità  asaggio